| 000 | 01063cam a2200337 a 4500 | ||
|---|---|---|---|
| 001 | 13772590 | ||
| 003 | OSt | ||
| 005 | 20140310182705.0 | ||
| 008 | 041104s2000 maua b 001 0 eng c | ||
| 010 | _a 2004303691 | ||
| 015 | _aGBA0-59936 | ||
| 020 | _a9789814314497 | ||
| 035 | _a(OCoLC)ocm43577669 | ||
| 040 |
_aFUG _cFUG _dUKM _dLVB _dDLC |
||
| 042 | _apcc | ||
| 050 | 0 | 0 |
_aP 121 _b.F931 2010 |
| 082 | 0 | 0 |
_aM 410 _222 _bF931 2010 |
| 245 | 0 | 0 |
_aIntroduction to linguistics _cFromkin, Victoria A. |
| 260 |
_aMalden, Mass. _aOxford, U.K. _bBlackwell _cc2010 |
||
| 300 |
_axi, 747 p. _bill. _c25 cm. |
||
| 504 | _aIncludes bibliographical references (p. [721]-728) and index. | ||
| 521 | _aCollege Students | ||
| 526 | _c1210L-1700L | ||
| 541 | _j1 | ||
| 562 | _eFor circulation. 1 copy available in the collection | ||
| 650 | 0 | _aLinguistics. | |
| 700 | 1 | _aFromkin, Victoria. | |
| 906 |
_a7 _bcbc _cpccadap _d2 _encip _f20 _gy-gencatlg |
||
| 942 |
_2lcc _cBK _kM |
||
| 999 |
_c15208 _d15208 |
||